Wild man Island / (Record no. 49368)
| 000 -LEADER | |
|---|---|
| fixed length control field | 00400nam a2200133 4500 |
| 020 ## - INTERNATIONAL STANDARD BOOK NUMBER | |
| International Standard Book Number | 0380733102 |
| 100 ## - MAIN ENTRY--PERSONAL NAME | |
| Personal name | Hobbs, Will. |
| 245 ## - TITLE STATEMENT | |
| Title | Wild man Island / |
| Statement of responsibility, etc | Will Hobbs. |
| 260 ## - PUBLICATION, DISTRIBUTION, ETC. (IMPRINT) | |
| Place of publication, distribution, etc | New York: |
| Name of publisher, distributor, etc | Harper Trophy; |
| Date of publication, distribution, etc | 2002. |
| 300 ## - PHYSICAL DESCRIPTION | |
| Extent | 184 p. |
| Dimensions | 19 cm. |
| 650 ## - SUBJECT ADDED ENTRY--TOPICAL TERM | |
| Topical term or geographic name as entry element | Wilderness survival. Archaeology. Caves. Newfoundland dogs. |
| Form subdivision | Fiction. |
| 9 (RLIN) | 86578 |
| 655 ## - INDEX TERM--GENRE/FORM | |
| Genre/form data or focus term | Adventure. |
| 9 (RLIN) | 67602 |
| 942 ## - ADDED ENTRY ELEMENTS (KOHA) | |
| Source of classification or shelving scheme | |
| Koha item type | J FIC BOOKS |
| Withdrawn status | Lost status | Source of classification or shelving scheme | Damaged status | Not for loan | Collection code | Home library | Current library | Shelving location | Date acquired | Full call number | Barcode | Date last seen | Price effective from | Koha item type |
|---|---|---|---|---|---|---|---|---|---|---|---|---|---|---|
| SECONDARY | Asian Hope Secondary Library | Asian Hope Secondary Library | Junior Fiction | 08/20/2025 | J FIC HOB | 208741 | 01/16/2026 | 08/20/2025 | J FIC BOOKS |